El paisaje como historia / (Registro nro. 62125)

Detalles MARC
000 -LEADER
campo de control de longitud fija 02339nam a2200385 c 4500
003 - IDENTIFICADOR DE NÚMERO DE CONTROL
campo de control PE-LiUPU
005 - FECHA Y HORA DE LA ÚLTIMA TRANSACCIÓN
campo de control 20251125174927.0
008 - DATOS DE LONGITUD FIJA--INFORMACIÓN GENERAL
campo de control de longitud fija 200925s2020 sp a | |||| 000 0 spa
020 ## - NÚMERO INTERNACIONAL ESTÁNDAR DEL LIBRO
Número Internacional Estándar del Libro 9788498288056
040 ## - FUENTE DE CATALOGACIÓN
Centro catalogador/agencia de origen SpMaBN
Lengua de catalogación spa
Centro/agencia transcriptor PE-LiUPU
Normas de descripción rda
Centro/agencia modificador PE-LiUPU
041 1# - CÓDIGO DE IDIOMA
Código de lengua del texto/banda sonora o título independiente spa
Código de lengua original ita
082 ## - NÚMERO DE LA CLASIFICACIÓN DECIMAL DEWEY
Número de edición 23
Número de clasificación 712
Cutter T713p
100 1# - ENTRADA PRINCIPAL--NOMBRE DE PERSONA
Nombre de persona Tosco, Carlo
Término indicativo de función/relación autor.
245 13 - MENCIÓN DEL TÍTULO
Título El paisaje como historia /
Mención de responsabilidad, etc. Carlo Tosco ; traducción, Emilio Martín Gutiérrez
264 #1 - PRODUCCIÓN, PUBLICACIÓN, DISTRIBUCIÓN, FABRICACIÓN Y COPYRIGHT
Producción, publicación, distribución, fabricación y copyright Cádiz (España)
Nombre del de productor, editor, distribuidor, fabricante Editorial UCA, Universidad de Cádiz,
Fecha de producción, publicación, distribución, fabricación o copyright 2020.
300 ## - DESCRIPCIÓN FÍSICA
Extensión 154 páginas, 10 páginas de láminas sin numerar :
Otras características físicas ilustraciones (color) ;
Dimensiones 24 cm
336 ## - TIPO DE CONTENIDO
Término de tipo de contenido Texto
Fuente rdacontent
337 ## - TIPO DE MEDIO
Nombre/término del tipo de medio sin mediación
Fuente rdamedia
338 ## - TIPO DE SOPORTE
Nombre/término del tipo de soporte volumen
Fuente rdacarrier
490 0# - MENCIÓN DE SERIE
Mención de serie Colección Poliédrica. Paisaje y cultura ;
Designación de volumen o secuencia 4
504 ## - NOTA DE BIBLIOGRAFÍA, ETC.
Nota de bibliografía, etc. Bibliografía: páginas 209-234129-154
505 ## - NOTA DE CONTENIDO CON FORMATO
Nota de contenido con formato Los paisajes del arte -- Éxitos de un género pictórico -- El nombre y la cosa -- La mirada del pintor y la medida del cartógrafo -- Nuevas fronteras -- La época romántica -- La obra de arte y su entorno -- Paisajes de la ciencia -- La historia descubre los paisajes -- Tentaciones del determinismo Las estructuras del territorio -- ¿Dónde está Bélgica? La nueva geografía regional -- El territorio como sedimento histórico -- El paisaje de los Annales -- Aportaciones de la arqueología -- El paisaje como forma de trabajo – Lecturas estructurales – La revancha de la forma – Las razones de la estética – Imágenes medioambientales – Paisajes construidos – Geografías culturales – Ecohistorias y microhistorias – Para una historia de los paisajes – La unidad de los fenómenos locales – Historia del territorio e historia del paisaje – La ampliación de las fuentes – La forma ambiental – Historia y puesta en valor.
526 ## - NOTA DE INFORMACIÓN SOBRE EL PROGRAMA DE ESTUDIO
Nombre del programa Maestría Bim Facility Management (A distancia)
526 ## - NOTA DE INFORMACIÓN SOBRE EL PROGRAMA DE ESTUDIO
Nombre del programa
526 ## - NOTA DE INFORMACIÓN SOBRE EL PROGRAMA DE ESTUDIO
Nombre del programa Educación musical y artes
526 ## - NOTA DE INFORMACIÓN SOBRE EL PROGRAMA DE ESTUDIO
Nombre del programa Educación, especialidad educación física
526 ## - NOTA DE INFORMACIÓN SOBRE EL PROGRAMA DE ESTUDIO
Nombre del programa Arquitectura
650 17 - PUNTO DE ACCESO ADICIONAL DE MATERIA--TÉRMINO DE MATERIA
Término de materia o nombre geográfico como elemento de entrada Naturaleza (Estética)
Fuente del encabezamiento o término embne
650 27 - PUNTO DE ACCESO ADICIONAL DE MATERIA--TÉRMINO DE MATERIA
Término de materia o nombre geográfico como elemento de entrada Arte
Subdivisión de forma Historia
Fuente del encabezamiento o término embne
650 27 - PUNTO DE ACCESO ADICIONAL DE MATERIA--TÉRMINO DE MATERIA
Término de materia o nombre geográfico como elemento de entrada Paisaje
Subdivisión general En el arte
Fuente del encabezamiento o término embne
700 1# - ENTRADA AGREGADA--NOMBRE PERSONAL
Nombre de persona Martín Gutiérrez, Emilio
Fechas asociadas al nombre 1963-
Término indicativo de función/relación traductor
942 ## - ELEMENTOS DE ENTRADA SECUNDARIOS (KOHA)
Fuente del sistema de clasificación o colocación Clasificación Decimal Dewey
Tipo de ítem Koha Libros físicos
980 ## - EQUIVALENCIA O REFERENCIA-CRUZADA-MENCIÓN DE SERIE--NOMBRE DE PERSONA/TÍTULO [LOCAL, CANADÁ]
ID del último usuario que modificó el registro 18226
Nombre del último usuario que modificó el registro Jaime Vilcazán Jefe de Análisis Documental
Existencias
Visto por última vez Total de préstamos Signatura topográfica completa Código de barras Copia número Coste, precio de reemplazo Fecha de reemplazo Facultad Tipo de ítem Koha Estado de pérdida Fuente del sistema de clasificación o colocación Restricciones de uso No para préstamo Colección Programa académico Biblioteca de origen Biblioteca actual Ubicación en estantería Fecha de adquisición Fuente de adquisición Coste, precio normal de compra
2025-12-03   712 T713p 81756 e1 44.26 2023-12-15 FIA Libros físicos No Perdido Clasificación Decimal Dewey No restringido Disponible para préstamos Colección General Arquitectura Biblioteca CRAI UPeU Lima Biblioteca CRAI UPeU Lima Oficina de Procesamiento Técnico 2023-11-23 Compra. DAVAU SAC 39.26
2025-12-03   712 T713p 82902 e2 53.82 2025-11-25 FIA Libros físicos No Perdido Clasificación Decimal Dewey No restringido Disponible para préstamos Colección General Arquitectura Biblioteca CRAI UPeU Lima Biblioteca CRAI UPeU Lima Sala principal 2025-11-21 COMPRA, LICTUN S.A.C 48.82